| 000 | 00559nam a2200193 a 4500 | ||
|---|---|---|---|
| 850 | _bMestská knižnica Hriňová | ||
| 008 | 130410s2016||||xo slo d | ||
| 100 | 1 |
_aFeatherová, Jane _4aut _918069 |
|
| 700 | 1 |
_aGhaniová, Miriam _4prel _95432 |
|
| 245 | 1 | 0 | _aZáhadný vikomt |
| 250 | _a1.vyd. | ||
| 300 |
_a255 s. _d21 cm |
||
| 020 | _a978-80-220-1930-9 | ||
| 041 | _aslo | ||
| 044 |
_axo _cSK |
||
| 260 |
_bSlovenský spisovateľ _aBratislava _c2016 |
||
| 650 | 0 | 7 |
_aľúbostné romány _xanglická literatúra _95858 |
| 080 | _a821.111(73)-31 | ||
| 999 |
_c9639 _d9639 |
||